000 00709nam a2200289Ia 4500
005 20260324130512.0
008 008 260324s9999 xx 000 0 eng d
020 _a9780203943441
037 _aEBOOK
040 _aCRL
040 _beng
040 _cCRL
041 _2eng
041 _aeng
084 _qCRL
100 _aKathryn Milun
_91182025
245 0 _aPathologies of Modern Space
245 0 _bEmpty Space, Urban Anxiety, and the Recovery of the Public Self
260 _bTaylor and Francis
260 _c2007
365 _a
365 _b255
856 _uhttp://www.taylorfrancis.com/books/9780203943441
942 _cEBOOK
999 _c1778241
_d1778241